000 00606nam a22002057a 4500
003 BD-DhSAU
005 20250302095110.0
008 220918b bg ||||| |||| 00| 0 eng d
040 _aBD-DhSAU
082 _222
_a630.7 K1515
100 _aKashem, M. Abul
_eProfessor
245 _aFundamentals of extension education
260 _aMymensingh ;
_bBAU.,
_c2004,
300 _a200 পৃ।
_bছবি;
_c২8 সে। মি।
504 _aগ্রন্থপুঞ্জি আছে।
590 _aNazmul
650 _2Fundamentals
651 _2extension education
942 _2ddc
_cBOOK
999 _c16762
_d16761